000 00652nam a2200241Ia 4500
003 OSt
005 20220928115641.0
006 a|||||r|||| 00| 0
007 ta
008 220927b |||||||| |||| 00| 0 eng d
024 _a65552
037 _cTextual
040 _aSDCL
_cSDCL
_beng
041 _2eng
_aeng
082 _aV58'P, P2
100 _aAlder Nanci
_9445356
245 0 _aBeyond the Soviet system
_bThe Gulag survivor
260 _aNew Brunswick
_bTransaction Publishers
_c2002
300 _axi,290p.Bib 273-278p
_ccm.
650 _aHistory
942 _hV58'P, P2
_cTEXL
_2CC
999 _c760313
_d760313